000 00526nam a2200193 a 4500
001 1770452097433
003 YourLibrary
005 20260207134850.0
008 260207s2001##################000#0#eng##
020 _a9780333698419
082 0 4 _a330.941082
_bBOO
100 1 _aBooth, Alan,
_eauthor.
245 1 0 _aThe British Economy in the Twentieth Century :
260 _bRed Globe Press,
_c2001.
300 _a264 pages
650 0 _aBusiness & Economics.
942 _cENGLISH
040 _aYourLibrary
_beng
_cYourLibrary
999 _c610863
_d610863